[Event "HUN-chT3"]
[Site "Hungary"]
[Date "1997.??.??"]
[Round "?"]
[White "Torok, Sandor"]
[Black "Matura, Jozsef"]
[Result "1-0"]
[WhiteElo "2000"]
[BlackElo "1655"]
[PlyCount "114"]
[EventDate "1997.??.??"]
[EventType "team-tourn"]
[EventRounds "13"]
[EventCountry "HUN"]
[SourceTitle "EXT 2001"]
[Source "ChessBase"]
[SourceDate "2000.11.22"]
[SourceVersion "1"]
[SourceVersionDate "2000.11.22"]
[SourceQuality "1"]

1. d4 e6 2. c4 b6 3. Nf3 Bb7 4. a3 h6 5. Nc3 Nf6 6. e3 Be7 7. Bd3 d5 8. cxd5 Nxd5 9. 0-0 Nd7 10. Bd2 N7f6 11. Qa4+ c6 12. Ne5 Nxc3 13. Bxc3 Qc7 14. Rac1 0-0 15. Bd2 c5 16. b4 Bd6 17. f4 Bxe5 18. fxe5 Bc6 19. Qc2 Nd7 20. Be4 Rac8 21. Rf3 Qb7 22. Bxc6 Rxc6 23. Rg3 Rfc8 24. Rf1 cxd4 25. Qe4 f5 26. exf6 Nxf6 27. Qxd4 Ne8 28. Qf4 Qe7 29. b5 Rc2 30. Bb4 R8c5 31. Qxh6 Rc1 32. Bxc5 Rxc5 33. Qf4 Rxb5 34. Rgf3 Rf5 35. Qe4 Rxf3 36. Rxf3 Nf6 37. Qd3 Qd7 38. Qxd7 Nxd7 39. Rf4 a5 40. Rd4 Ne5 41. Re4 Nd7 42. Rxe6 Kf7 43. Rd6 Ke7 44. Rd4 Ke6 45. Kf2 g5 46. Kf3 Ne5+ 47. Ke4 Nd7 48. Rd1 Nf6+ 49. Kd4 Kd6 50. Rb1 Kc6 51. Rf1 Nd7 52. Rf5 b5 53. Rxg5 b4 54. axb4 a4 55. Ra5 Nb6 56. Ra6 Kb5 57. Rxb6+ Kxb6 1-0

[Event "HUN-chT2"]
[Site "Hungary"]
[Date "1996.??.??"]
[Round "?"]
[White "Burjan, Laszlo"]
[Black "Matura, Jozsef"]
[Result "1-0"]
[WhiteElo "1865"]
[BlackElo "1655"]
[PlyCount "97"]
[EventDate "1996.??.??"]
[EventType "team-tourn"]
[EventRounds "13"]
[EventCountry "HUN"]
[SourceTitle "EXT 2006"]
[Source "ChessBase"]
[SourceDate "2005.11.24"]
[SourceVersion "1"]
[SourceVersionDate "2005.11.24"]
[SourceQuality "1"]

1. e4 e5 2. Nf3 Nf6 3. Nxe5 Qe7 4. Nf3 Qxe4+ 5. Be2 d5 6. d4 Bd6 7. 0-0 0-0 8. Nc3 Qe6 9. Bd3 h6 10. Re1 Qd7 11. Ne5 Qd8 12. Bf4 Be6 13. Qd2 Bxe5 14. Bxe5 Ng4 15. Bg3 Na6 16. Qf4 c6 17. Bxa6 bxa6 18. Na4 Qf6 19. Nc5 Qxf4 20. Bxf4 Bc8 21. Re7 Nf6 22. Rc7 Ne4 23. Nxe4 dxe4 24. Rxc6 f5 25. h4 Rf7 26. c4 Bb7 27. Rc5 Kf8 28. b4 Ke8 29. a4 g6 30. b5 Rg7 31. Rb1 g5 32. hxg5 hxg5 33. Be5 Rf7 34. Kf1 f4 35. bxa6 Bxa6 36. Rc6 Bc8 37. Rg6 g4 38. Rb5 e3 39. fxe3 fxe3+ 40. Rf6 Bf5 41. Ke2 Be4 42. g3 Bc2 43. a5 Rc8 44. c5 Rxf6 45. Bxf6 a6 46. Rb6 Ba4 47. Kxe3 Bb5 48. Kf4 Be2 49. Re6+ 1-0